000 00741nam a2200253 a 4500
001 BRL_754
005 20190320210900.0
008 021013s1968----nyua######---#000-0#eng-#
041 _aeng
044 _anyu
050 4 _aS633
_b.T57 1968
100 1 _aTisdale, Samuel L.
_924841
245 1 0 _aSoil fertility and fertilizers
_cSamuel L. Tisdale [and] Werner L. Nelson
260 _aNew York
_bThe Macmillan
_c1968
300 _avi, 694 p.
_bil.
_c24 cm.
500 _aAu857
504 _aIncluye bibliografía
650 1 4 _aFertilidad del suelo
_924842
650 1 4 _aFertilizantes
_zCrops--Nutrition.
_924843
650 1 4 _aCultivos y suelos
_xNutrición
_924844
700 1 _aNelson, Werner L.
_924845
902 _aGRL
942 _2lcc
_cB
999 _c9566
_d9566